000 01294cam a2200145 4500500
005 20251012002045.0
041 _afre
042 _adc
100 1 0 _aBorne, Dominique
_eauthor
700 1 0 _a Willaime, Jean-Paul
_eauthor
245 0 0 _aEnseigner les faits religieux : Quels enjeux ?
260 _bArmand Colin,
_c2007.
520 _aDepuis 2002, l’enseignement des faits religieux est entré dans les programmes des différentes disciplines. Ce livre rappelle l’histoire des relations entre la République et les sciences religieuses et interroge l’expression faits religieux. Puis il aborde concrètement les problèmes de la classe: quelle est la place des faits religieux dans les programmes des différentes disciplines ? Peut-on conseiller des démarches pédagogiques ? Comment aborder ces questions dans des perspectives nécessairement laïques ? Enfin, l’enseignement des faits religieux renvoie à des débats sociaux, culturels et politiques: dans un climat général de sécularisation, la France affronte le pluralisme et des formes fondamentalistes du religieux. L’école ne peut être absente de ces débats.
856 4 1 _uhttps://shs.cairn.info/enseigner-les-faits-religieux--9782200346409?lang=fr&redirect-ssocas=7080
999 _c1512887
_d1512887